| 000 | 01424nac a2200289 a 4500 | ||
|---|---|---|---|
| 003 | CO-PeBPM | ||
| 005 | 20260224194906.0 | ||
| 007 | ta | ||
| 008 | 260224s2004 ck |||| |||| 00| f spa d | ||
| 040 |
_aCO-PeBPM _bspa _cCO-PeBPM _erda |
||
| 041 | _aspa | ||
| 082 | 0 | 4 |
_a894.5113 K41l _222 |
| 100 | 1 |
_aKertész, Imre _d, 1929-2016 _eautor |
|
| 245 | 1 |
_aLiquidación _c/ Imre Kertész ; traducción de Adan Kovacsics |
|
| 264 |
_aBogotá, Colombia _b : Alfaguara _c , 2004 |
||
| 300 |
_a149 páginas _c21 centimetros |
||
| 336 |
_2rdacontent _atexto _btxt |
||
| 337 |
_2rdamedia _asin mediación _bn |
||
| 338 |
_2rdacarrier _avolumen _bnc |
||
| 520 | _aKeseru trabaja en una editorial y ha recogido los papeles póstumos de B, su amigo escritor, que se ha suicidado. Busca entre ellos una novela inédita y se embarca sin esperarlo en la revisión de su propia vida. Es entonces cuando comienza a desvelarse también la historia que está detrás del escritor: su pasado en Auschwitz, sus historias de amor, sus obras inacabadas y la influencia que tuvieron sobre él los cambios políticos de finales de los ochenta… tomado de https://bit.ly/2UNnHlI | ||
| 586 | _aPremio Nobel de Literatura, 2002 | ||
| 650 | 1 | 7 |
_aNovelas húngaras _2LEMB |
| 650 | 1 | 7 |
_aNovela autobiográfica _2LEMB |
| 650 | 1 | 7 |
_aHolocausto judío, 1939-1945 - Hungría - Novela _2LEMB |
| 700 | 1 |
_aKovacsics, Adan _etraductor |
|
| 942 |
_2ddc _n0 _cLIT |
||
| 999 |
_c107156 _d107156 |
||